[Event "Dorsten- Oberhausen"]
[Site "?"]
[Date "2023.09.03"]
[Round "1.1"]
[White "Puetter, Pascal"]
[Black "Ahling, Michael"]
[Result "1/2-1/2"]
[WhiteElo "1991"]
[BlackElo "2128"]
[Annotator "danie"]
[PlyCount "46"]
[SourceDate "2023.09.13"]

1. d4 d5 2. c4 c6 3. Nf3 Nf6 4. e3 Bf5 5. Nc3 e6 6. Nh4 Bg6 7. Be2 Nbd7 8. Bd2
Be7 9. O-O O-O 10. Nxg6 hxg6 11. Rc1 dxc4 12. Bxc4 e5 13. Qf3 exd4 14. exd4 Nb6
15. Ne2 Nxc4 16. Rxc4 Qd5 17. Qb3 a6 18. Rfc1 $11 Qb5 19. Bb4 Bxb4 20. Qxb4
Qxb4 21. Rxb4 Rfe8 22. Kf1 Re7 23. Rbc4 Rd8 1/2-1/2

[Event "Dorsten- Oberhausen"]
[Site "?"]
[Date "2023.09.03"]
[Round "1.2"]
[White "Hermanowski, Mark"]
[Black "Kyas, Jens"]
[Result "0-1"]
[WhiteElo "1906"]
[BlackElo "1873"]
[PlyCount "70"]
[SourceDate "2023.09.13"]

1. e4 e5 2. f4 exf4 3. Nf3 g5 4. Bc4 g4 5. O-O gxf3 6. Qxf3 Qf6 7. c3 Nc6 8. d4
Nxd4 9. Bxf7+ Qxf7 10. cxd4 Bh6 11. Nc3 c6 12. e5 Ne7 13. Qh3 Qg6 14. Bxf4 Bxf4
15. Rxf4 d5 16. Qh4 Nf5 17. Qf2 Be6 18. Rf1 Rg8 19. Na4 b6 20. Qc2 Rc8 21. Rxf5
Bxf5 22. Rxf5 Rf8 23. Rxf8+ Kxf8 24. Qf2+ Kg7 25. Nc3 Rf8 26. Qe2 c5 27. h3
cxd4 28. Nxd5 d3 29. Qe3 Rd8 30. Qf3 d2 31. Nc3 Rd3 32. Qd1 Qg3 33. Kf1 Qf4+
34. Kg1 Rg3 35. Kh1 Qf2 0-1

[Event "Dorsten- Oberhausen"]
[Site "?"]
[Date "2023.09.03"]
[Round "1.3"]
[White "Schwerdtfeger, Joachim"]
[Black "Czubak, Michael"]
[Result "0-1"]
[WhiteElo "1914"]
[BlackElo "1869"]
[PlyCount "132"]
[SourceDate "2023.09.13"]

1. e4 c5 2. c3 g6 3. d4 cxd4 4. cxd4 d5 5. e5 Nc6 6. Nc3 Bg7 7. Be3 f6 8. f4
Nh6 9. Be2 O-O 10. Bf3 e6 11. Qd2 Nf5 12. Nge2 Nb4 13. Rc1 fxe5 14. dxe5 Nxe3
15. Qxe3 Qb6 16. Qxb6 axb6 17. Rd1 d4 18. Nxd4 Rxf4 19. O-O Bxe5 20. Ndb5 Nc6
21. a3 Nd4 22. Be2 Nxe2+ 23. Nxe2 Rxf1+ 24. Kxf1 Kf7 25. b3 Ke7 26. a4 Bd7 27.
Nbd4 Rf8+ 28. Kg1 Bd6 29. Nc3 Rf4 30. Nf3 Bc5+ 31. Kf1 Bc6 32. Ke2 Bxf3+ 33.
gxf3 Rh4 34. Rh1 Rb4 35. Rb1 Bd6 36. h3 Rh4 37. Rh1 Bc5 38. Ne4 h6 39. Rg1 g5
40. Rh1 e5 41. Kf1 Rf4 42. Ke2 Bd4 43. Ng3 Ke6 44. Ne4 Kd5 45. Rd1 Rf7 46. Rc1
Rf4 47. Rd1 Rh4 48. Rh1 Ke6 49. Ng3 h5 50. Kd3 Bc5 51. Ke2 e4 52. fxe4 Bd6 53.
Rg1 Bxg3 54. Rxg3 Rxe4+ 55. Kd3 Re5 56. Rf3 b5 57. axb5 Rxb5 58. Kc4 Rf5 59.
Re3+ Re5 60. Rf3 g4 61. hxg4 hxg4 62. Rf1 g3 63. Kd4 g2 64. Rg1 Rg5 65. Ke4 b5
66. Kd4 Kd6 0-1

[Event "Dorsten- Oberhausen"]
[Site "?"]
[Date "2023.09.03"]
[Round "1.4"]
[White "Tig, Achmet"]
[Black "Heintze, Sven"]
[Result "1-0"]
[WhiteElo "1945"]
[BlackElo "1824"]
[PlyCount "67"]
[SourceDate "2023.09.13"]

1. d4 d5 2. Nf3 Nf6 3. c4 e6 4. Nc3 Be7 5. Bg5 O-O 6. e3 c6 7. Rc1 Nbd7 8. a3
a5 9. Qc2 dxc4 10. Bxc4 b5 11. Bd3 Bb7 12. e4 h6 13. Bh4 Rc8 14. e5 Nd5 15.
Bxe7 Qxe7 16. Ne4 Rc7 17. O-O Ba8 18. Nd6 N7b6 19. Nd2 Nf4 20. N2e4 Nbd5 21.
Rfe1 Nxd3 22. Qxd3 f6 23. Qd2 fxe5 24. dxe5 b4 25. Nc5 Nf4 26. Nde4 Nd5 27. g3
Rcc8 28. Nd6 Rcd8 29. axb4 axb4 30. Ra1 Rxd6 31. exd6 Qxd6 32. Nxe6 Rc8 33. Ra7
g5 34. Qd4 1-0

[Event "Dorsten- Oberhausen"]
[Site "?"]
[Date "2023.09.03"]
[Round "1.6"]
[White "Nashir, Ramin"]
[Black "Hortolani, Holger"]
[Result "0-1"]
[WhiteElo "1822"]
[BlackElo "2027"]
[PlyCount "96"]
[SourceDate "2023.09.13"]

1. Nf3 Nf6 2. g3 b6 3. Bg2 Bb7 4. O-O g6 5. d4 Bg7 6. c4 O-O 7. Nc3 d5 8. Ne5
c6 9. cxd5 Nxd5 10. Nxd5 cxd5 11. Qb3 f6 12. Nd3 e6 13. Bd2 Nc6 14. Bc3 Qd7 15.
Rfd1 Ne7 16. Rac1 Nf5 17. Rc2 Rfc8 18. Rdc1 Rc4 19. e3 Bc6 20. Qa3 Ra4 21. Qb3
Bb5 22. Be1 Rc4 23. Rc3 Rac8 24. Qc2 Nd6 25. f3 Bh6 26. Qe2 Rxc3 27. Rxc3 Rxc3
28. Bxc3 Bxd3 29. Qxd3 Qb5 30. Bf1 Qxd3 31. Bxd3 Bxe3+ 32. Kg2 Bh6 33. b3 Kf7
34. g4 Bf4 35. Be1 e5 36. dxe5 fxe5 37. Bg3 Kf6 38. h4 h6 39. Bxf4 exf4 40. Kf2
g5 41. hxg5+ hxg5 42. Ke2 Ke5 43. Ba6 Kd4 44. Kd2 b5 45. a3 Kc5 46. a4 bxa4 47.
bxa4 Nc4+ 48. Ke2 Nb2 0-1

[Event "Dorsten- Oberhausen"]
[Site "?"]
[Date "2023.09.03"]
[Round "1.7"]
[White "Matthes, Severin"]
[Black "Vengels, Joachim"]
[Result "1-0"]
[WhiteElo "1889"]
[BlackElo "1976"]
[PlyCount "51"]
[SourceDate "2023.09.13"]

1. e4 c5 2. Nf3 d6 3. d4 cxd4 4. Nxd4 Nf6 5. Nc3 e6 6. Be3 a6 7. f3 d5 8. e5
Nfd7 9. f4 Nc6 10. Qg4 f5 11. Qf3 Nxd4 12. Bxd4 Qc7 13. g4 fxg4 14. Qxg4 Nc5
15. O-O-O b5 16. f5 b4 17. Nxd5 exd5 18. e6 Ne4 19. Qh5+ Kd8 20. Bg2 Be7 21.
Bxe4 Bb7 22. Bxd5 Rc8 23. Bb6 Qxb6 24. Bxb7+ Kc7 25. Bxc8 Rxc8 26. Qf7 1-0

[Event "Dorsten- Oberhausen"]
[Site "?"]
[Date "2023.09.03"]
[Round "1.8"]
[White "Nowok, Frank"]
[Black "Barutta, Larissa"]
[Result "1-0"]
[WhiteElo "1847"]
[BlackElo "1763"]
[PlyCount "49"]
[SourceDate "2023.09.13"]

1. e4 e6 2. d3 d5 3. Qe2 Nf6 4. Nf3 Be7 5. g3 c6 6. Bg2 O-O 7. O-O h6 8. Re1
Re8 9. e5 Nfd7 10. c4 Nb6 11. Nc3 Bb4 12. Bd2 c5 13. Nb5 dxc4 14. dxc4 Qe7 15.
Red1 Na6 16. Be3 Nd7 17. h4 Ba5 18. a3 Bc7 19. Bf4 Nf8 20. h5 Nb8 21. g4 Nh7
22. g5 hxg5 23. Nxg5 Bd8 24. Nxh7 Kxh7 25. Nd6 1-0

[Event "Oberhausen 2- Brackel 3"]
[Site "?"]
[Date "2023.09.03"]
[Round "1.1"]
[White "Tkachuk, Sergiy"]
[Black "Joergens, Markus"]
[Result "1-0"]
[WhiteElo "2197"]
[BlackElo "2011"]
[PlyCount "97"]
[SourceDate "2023.09.13"]

1. e4 e5 2. Nf3 Nc6 3. Bc4 Nf6 4. d4 exd4 5. e5 Ne4 6. O-O Be7 7. Re1 d5 8. Bb5
Bg4 9. Nbd2 Nxd2 10. Qxd2 Bxf3 11. gxf3 Qd7 12. Bxc6 Qxc6 13. Qxd4 Rd8 14. c3
O-O 15. Be3 Qg6+ 16. Qg4 c5 17. Rad1 Qc6 18. Rd2 f5 19. Qg3 Qe6 20. f4 Rd7 21.
Red1 Rfd8 22. a3 b6 23. Qf3 h6 24. Kh1 d4 25. cxd4 cxd4 26. Rxd4 Rxd4 27. Bxd4
Qd7 28. Rd2 Qb5 29. Kg1 Bc5 30. Qc3 Bxd4 31. Rxd4 Rxd4 32. Qxd4 Qe2 33. h3 Kh7
34. Kg2 Qh5 35. Qd5 Qh4 36. Qd4 Qh5 37. Qd7 Qg6+ 38. Kh2 Qh5 39. e6 Qe2 40. Kg3
Qe1 41. e7 Qg1+ 42. Kf3 Qh1+ 43. Ke2 Qe4+ 44. Kd2 Qxf4+ 45. Kc3 Qf3+ 46. Kb4
a5+ 47. Kb5 Qe2+ 48. Kc6 Qe4+ 49. Kc7 1-0

[Event "Oberhausen 2- Brackel 3"]
[Site "?"]
[Date "2023.09.03"]
[Round "1.2"]
[White "Seibert, Michael"]
[Black "Althoff, Ralph"]
[Result "1/2-1/2"]
[WhiteElo "1925"]
[BlackElo "2024"]
[PlyCount "95"]
[SourceDate "2023.09.13"]

1. c4 c5 2. Nf3 g6 3. d4 cxd4 4. Nxd4 Nc6 5. e4 Bg7 6. Be3 Qb6 7. Nb3 Qd8 8.
Nc3 Bxc3+ 9. bxc3 d6 10. Be2 Nf6 11. f3 b6 12. Bh6 Rg8 13. Bg5 Nd7 14. Nd4 Nce5
15. Nb5 Nc5 16. Qd2 Be6 17. Nd4 Rc8 18. Rd1 Nxc4 19. Qf4 f6 20. Bh6 g5 21. Nxe6
gxf4 22. Nxd8 Ne3 23. Nc6 Rg6 24. Rd2 Rxh6 25. Nxa7 Ra8 26. Nb5 Kd7 27. Kf2 Rg8
28. g3 Rxh2+ 29. Rxh2 fxg3+ 30. Kg1 gxh2+ 31. Kxh2 Rg2+ 32. Kh1 Ne6 33. Nxd6
exd6 34. Bb5+ Ke7 35. Rxg2 Nxg2 36. Kxg2 Nc5 37. Kg3 Ke6 38. Bc4+ Ke5 39. Bd5
f5 40. f4+ Kf6 41. exf5 Kxf5 42. c4 h6 43. Kf3 Ne6 44. Be4+ Kf6 45. Kg4 Nc5 46.
Bc2 Ne6 47. Be4 Nc5 48. Bc2 1/2-1/2

[Event "Oberhausen 2- Brackel 3"]
[Site "?"]
[Date "2023.09.03"]
[Round "1.3"]
[White "Tomasjan, Samuel"]
[Black "Stefaniak, Christian"]
[Result "0-1"]
[WhiteElo "1992"]
[BlackElo "1904"]
[PlyCount "60"]
[SourceDate "2023.09.13"]

1. e4 e6 2. d4 d5 3. Nd2 Nf6 4. e5 Nfd7 5. f4 c5 6. c3 Nc6 7. Ndf3 Qb6 8. g3
cxd4 9. cxd4 Bb4+ 10. Kf2 g5 11. h3 gxf4 12. gxf4 Be7 13. Ne2 f6 14. Kg2 Rg8+
15. Ng3 fxe5 16. fxe5 Nf8 17. a3 Na5 18. b4 Nc4 19. Kh2 Bd7 20. Bd3 Qd8 21.
Bxc4 dxc4 22. Nd2 Bc6 23. Rf1 Qxd4 24. Qh5+ Kd8 25. Ra2 Bh4 26. Nde4 Bxg3+ 27.
Nxg3 Kc7 28. Qf7+ Nd7 29. Rd2 Qc3 30. Ne2 Rg2+ 0-1

[Event "Oberhausen 2- Brackel 3"]
[Site "?"]
[Date "2023.09.03"]
[Round "1.4"]
[White "Gerst, Michael"]
[Black "Al Tarboush, Hussam"]
[Result "1/2-1/2"]
[WhiteElo "1905"]
[BlackElo "2012"]
[Annotator "daniel"]
[PlyCount "105"]
[SourceDate "2023.09.13"]

1. d4 Nf6 2. c4 e6 3. Nf3 Bb4+ 4. Bd2 Qe7 5. g3 Ne4 6. a3 Bxd2+ 7. Nbxd2 Nxd2
8. Qxd2 d5 9. Rc1 O-O 10. Bg2 Nc6 11. O-O a5 12. Rfd1 Rd8 13. Qf4 f6 14. Qe3
Qf7 15. Qc3 Bd7 16. Ne1 Be8 17. e3 Qe7 18. Nd3 Kh8 19. cxd5 exd5 20. Nf4 Bf7
21. Qb3 Rab8 22. Bxd5 Bxd5 23. Nxd5 Qe6 24. e4 $11 Qxe4 25. Nc3 Qg4 26. Nb5 Rd7
27. f3 Qh5 28. d5 Ne5 29. Kg2 Qf7 30. f4 Ng6 31. Qf3 Rbd8 32. Rc2 c6 33. Nc3
cxd5 34. Rxd5 Rxd5 35. Nxd5 Nf8 36. Nc3 Ne6 37. Nb5 h6 38. h3 b6 39. Kh2 Qd7
40. Qe2 Nc5 41. Nc3 Qf5 42. Rd2 Rxd2 43. Qxd2 Kh7 44. Kg2 Kg6 45. Kh2 Qd3 46.
Qxd3+ Nxd3 47. Nd5 b5 48. b4 axb4 49. axb4 Kf5 50. Nc7 Nxb4 51. Nxb5 g5 52.
fxg5 fxg5 53. Kg2 1/2-1/2

[Event "Oberhausen 2- Brackel 3"]
[Site "?"]
[Date "2023.09.03"]
[Round "1.5"]
[White "Bense, Dirk"]
[Black "Kraus, Kilian"]
[Result "1/2-1/2"]
[WhiteElo "1972"]
[BlackElo "1909"]
[PlyCount "108"]
[SourceDate "2023.09.13"]

1. e4 c6 2. d4 d5 3. e5 c5 4. dxc5 e6 5. Nf3 Bxc5 6. Bd3 Ne7 7. O-O Nbc6 8. Qe2
Ng6 9. Be3 Qb6 10. Bxc5 Qxc5 11. Nbd2 Nf4 12. Qe3 Qxe3 13. fxe3 Ng6 14. Bb5 O-O
15. Bxc6 bxc6 16. Nb3 Rb8 17. Rfb1 Rb4 18. c3 Rb5 19. Nfd4 Rb6 20. Nf3 Rd8 21.
Nc5 Ba6 22. Kf2 Nf8 23. a4 Rdb8 24. b4 Bc8 25. a5 Rb5 26. Nd4 Nd7 27. Nxd7 Bxd7
28. Nxb5 cxb5 29. Rd1 Rc8 30. Rac1 a6 31. Rd4 Bc6 32. Rf4 Bb7 33. Rd4 g6 34.
Ke2 Rc7 35. Kd2 Kg7 36. Rf1 h6 37. Kd3 Rc8 38. Rdf4 Rc7 39. g3 Re7 40. Kd4 Rc7
41. Rxf7+ Rxf7 42. Rxf7+ Kxf7 43. Kc5 Ke7 44. Kb6 Bc8 45. Kc7 Bd7 46. Kb7 Kd8
47. g4 h5 48. g5 h4 49. Kb6 Kc8 50. Kc5 Kc7 51. Kd4 Bc6 52. Kd3 d4 53. cxd4 Bf3
54. e4 Kc6 1/2-1/2

[Event "Oberhausen 2- Brackel 3"]
[Site "?"]
[Date "2023.09.03"]
[Round "1.6"]
[White "Groß, Thomas"]
[Black "Hendler, Markus"]
[Result "1/2-1/2"]
[WhiteElo "1903"]
[BlackElo "1835"]
[PlyCount "49"]
[SourceDate "2023.09.13"]

1. Nf3 Nf6 2. g3 g6 3. b3 Bg7 4. Bb2 O-O 5. Bg2 d5 6. c4 c5 7. cxd5 Nxd5 8.
Bxg7 Kxg7 9. Qc1 b6 10. Qb2+ Kg8 11. O-O Bb7 12. d4 Na6 13. Rd1 Qc7 14. Na3
Rad8 15. Rac1 Qb8 16. dxc5 Nxc5 17. Nc4 Nf6 18. Nce5 Rxd1+ 19. Rxd1 Rd8 20. Qc1
Rd6 21. Nc4 Rd8 22. h3 Ne6 23. Nce5 Rxd1+ 24. Qxd1 Qd8 25. Qxd8+ 1/2-1/2

[Event "Oberhausen 2- Brackel 3"]
[Site "?"]
[Date "2023.09.03"]
[Round "1.7"]
[White "Roemer, Alois"]
[Black "Akcapinar, Yavuz"]
[Result "1-0"]
[WhiteElo "1833"]
[BlackElo "1783"]
[Annotator "daniel"]
[PlyCount "89"]
[SourceDate "2023.09.13"]

1. e4 e6 2. d4 d5 3. Nd2 Nf6 4. e5 Nfd7 5. f4 c5 6. c3 Nc6 7. Ndf3 Qb6 8. g3
Be7 9. Kf2 O-O 10. Kg2 cxd4 11. cxd4 f6 $11 12. h4 fxe5 13. fxe5 Ndxe5 14. dxe5
Nxe5 15. Be2 Ng4 16. Nh3 e5 17. Qxd5+ Be6 18. Qb5 e4 19. Qxb6 exf3+ 20. Bxf3
axb6 21. Re1 Kf7 22. Rxe6 Kxe6 23. Bxg4+ Kf7 24. Ng5+ Bxg5 25. Bxg5 h6 26. Rf1+
Kg6 27. Rxf8 Rxf8 28. Be3 Rd8 29. Kf3 Kf6 30. Ke2 b5 31. Bd2 g5 32. hxg5+ hxg5
33. Bc3+ Kg6 34. Bf3 Rd7 35. a3 Kf5 36. Ke3 Re7+ 37. Kd4 g4 38. Bd5 Kg6 39. Kc5
Re3 40. Kxb5 Rxg3 41. Bxb7 Re3 42. a4 Re7 43. Bc6 g3 44. a5 Kg5 45. a6 1-0

[Event "Oberhausen 2- Brackel 3"]
[Site "?"]
[Date "2023.09.03"]
[Round "1.8"]
[White "Kohl, Niclas"]
[Black "Seref, Serkan"]
[Result "1-0"]
[WhiteElo "1765"]
[BlackElo "1664"]
[PlyCount "125"]
[SourceDate "2023.09.13"]

1. e4 c5 2. c3 Nf6 3. e5 Nd5 4. d4 cxd4 5. Nf3 e6 6. cxd4 Nc6 7. Be2 d6 8. O-O
dxe5 9. dxe5 Qc7 10. Re1 Be7 11. Nbd2 O-O 12. Bf1 Ncb4 13. Nc4 Rd8 14. Bd2 b5
15. Ne3 a6 16. Rc1 Qd7 17. a3 Nxe3 18. Rxe3 Nd5 19. Rd3 Bb7 20. Ba5 Rdc8 21.
Rdc3 Rxc3 22. Rxc3 Rc8 23. Rxc8+ Qxc8 24. Bd3 Nf4 25. Bb1 Bxf3 26. gxf3 Bh4 27.
Bb6 Qe8 28. Qc2 Nh3+ 29. Kg2 Nf4+ 30. Kg1 g6 31. Qe4 Nd5 32. Ba5 Bg5 33. h4 Bh6
34. h5 Qe7 35. Qg4 Nf4 36. hxg6 hxg6 37. Be4 Qd7 38. Qh4 Qd1+ 39. Kh2 Qf1 40.
Qg4 Qxf2+ 41. Kh1 Qf1+ 42. Qg1 Qe2 43. Bc3 Nh3 44. Qg2 Nf2+ 45. Kg1 Be3 46. Kh2
Bf4+ 47. Kg1 Qe3 48. Qxf2 Bh2+ 49. Kf1 Qc1+ 50. Qe1 Qh6 51. Ke2 Qf4 52. Qd2 Qg3
53. Qd8+ Kh7 54. Qf8 Qg2+ 55. Kd1 Qf1+ 56. Kc2 Qe2+ 57. Kb1 Qd1+ 58. Ka2 Qd7
59. Qb8 Bf4 60. Qb7 Qe8 61. Qxa6 Qb8 62. Qb7 Bxe5 63. Qxf7+ 1-0

[Event "Sodingen 2- Ahlen"]
[Site "?"]
[Date "2023.09.03"]
[Round "1.1"]
[White "Steinle, Carsten"]
[Black "Ribbeheger, Edgar"]
[Result "1/2-1/2"]
[WhiteElo "2006"]
[BlackElo "1971"]
[PlyCount "158"]
[SourceDate "2023.09.13"]

1. d4 Nf6 2. Bf4 e6 3. Nf3 d5 4. e3 Bd6 5. Bg3 O-O 6. Nbd2 b6 7. Bd3 Ba6 8. Qe2
Bxd3 9. Qxd3 c5 10. c3 cxd4 11. exd4 Qc7 12. Bxd6 Qxd6 13. O-O Nbd7 14. Rfe1 a6
15. Ne5 b5 16. Qg3 Nb6 17. Ng4 Qxg3 18. Nxf6+ gxf6 19. hxg3 Na4 20. Rab1 Rfc8
21. Nb3 Kf8 22. Re2 Ke7 23. f3 f5 24. Kf2 Rg8 25. Rh1 Rg7 26. Rh3 Rc8 27. a3
Rcg8 28. Kf1 Rxg3 29. Rxh7 R3g7 30. Rh5 Kd6 31. Nc1 Rc8 32. Nd3 Nxc3 33. bxc3
Rxc3 34. Ne5 f6 35. Rh6 fxe5 36. Rxe5 Rc1+ 37. Kf2 Rc2+ 38. Ke3 Re7 39. Rg6 Kd7
40. g4 fxg4 41. fxg4 Rc3+ 42. Ke2 Rxa3 43. Rg8 Rc3 44. Ra8 Rc6 45. g5 Re8 46.
Ra7+ Kd6 47. g6 Rg8 48. g7 b4 49. Rh5 a5 50. Rh8 Rcc8 51. Ra6+ Kd7 52. Rxg8
Rxg8 53. Rxa5 Kc6 54. Ra7 Kb5 55. Kd3 Rc8 56. Rc7 Rg8 57. Kc2 Ra8 58. Kb2 Rg8
59. Kb3 Kb6 60. Rf7 Kc6 61. Kxb4 Kd6 62. Ra7 Rc8 63. Rb7 Rg8 64. Kc3 e5 65.
Rb6+ Kc7 66. Ra6 e4 67. Kd2 Kd7 68. Ke3 Ke7 69. Kf4 Kf7 70. Rd6 Re8 71. Ke3
Kxg7 72. Rxd5 Kf6 73. Ra5 Re7 74. Rh5 Kg6 75. Rh4 Kf5 76. Rf4+ Kg5 77. Rf1 Re8
78. d5 Kg6 79. Rf4 Kg5 1/2-1/2

[Event "Sodingen 2- Ahlen"]
[Site "?"]
[Date "2023.09.03"]
[Round "1.2"]
[White "Reinholz, Benjamin"]
[Black "Torres- Kuckel, Rafael"]
[Result "0-1"]
[WhiteElo "1981"]
[BlackElo "2125"]
[PlyCount "54"]
[SourceDate "2023.09.13"]

1. e4 e5 2. Nf3 Nc6 3. Bc4 Nf6 4. d3 h6 5. Nc3 d6 6. Be3 Na5 7. Qe2 Be7 8.
O-O-O c6 9. d4 Qc7 10. Nd2 b5 11. Bd3 a6 12. f4 Ng4 13. h3 Nxe3 14. Qxe3 exf4
15. Qxf4 Bg5 16. Qf2 b4 17. Ne2 c5 18. e5 dxe5 19. dxc5 Bb7 20. h4 Bxd2+ 21.
Rxd2 e4 22. Bxe4 Bxe4 23. Qd4 f5 24. Rhd1 Nc6 25. Qc4 Qf7 26. Qxf7+ Kxf7 27.
Rd7+ Ne7 0-1

[Event "Sodingen 2- Ahlen"]
[Site "?"]
[Date "2023.09.03"]
[Round "1.3"]
[White "Woestmann, Ulrich"]
[Black "Haberhausen, Ansgar"]
[Result "0-1"]
[WhiteElo "1939"]
[BlackElo "2006"]
[PlyCount "68"]
[SourceDate "2023.09.13"]

1. e4 c6 2. d4 d5 3. exd5 cxd5 4. Nf3 Nf6 5. c3 e6 6. Ne5 Bd6 7. Nd2 O-O 8. Bd3
Qc7 9. f4 b6 10. O-O Ne8 11. Qh5 f5 12. Qe2 Nf6 13. Ndf3 Ne4 14. Be3 Qe7 15. c4
Bb7 16. Rfc1 Nd7 17. a3 Ndf6 18. b4 dxc4 19. Bxc4 Nd5 20. Nd2 Nef6 21. g3 a5
22. bxa5 Bxa3 23. Rc2 bxa5 24. Bf2 Nb4 25. Rxa3 Nxc2 26. Rc3 Nb4 27. Nb3 Ne4
28. Rc1 Bd5 29. Nc5 Rfc8 30. Ned7 Qd6 31. Nxe4 Qxd7 32. Nc5 Qd6 33. Nxe6 Bxc4
34. Rxc4 Re8 0-1

[Event "Sodingen 2- Ahlen"]
[Site "?"]
[Date "2023.09.03"]
[Round "1.4"]
[White "Cobanoglu, Ferhat"]
[Black "Volesky, Alexander"]
[Result "0-1"]
[WhiteElo "1951"]
[BlackElo "1999"]
[PlyCount "84"]
[SourceDate "2023.09.13"]

1. Nf3 Nf6 2. g3 d6 3. d4 Nbd7 4. c4 e5 5. Nc3 c6 6. Bg2 Be7 7. O-O O-O 8. Qc2
Qc7 9. b3 Re8 10. a4 Bf8 11. a5 e4 12. Ng5 d5 13. Bf4 Qd8 14. cxd5 cxd5 15. Nb5
h6 16. Nh3 Re6 17. Qc7 Qe7 18. a6 Ne8 19. Qc2 bxa6 20. Nc7 Nxc7 21. Qxc7 g5 22.
Bd2 Nf6 23. Qa5 Rb6 24. b4 Bf5 25. Kh1 Rc8 26. Ra2 Rc4 27. e3 Qd7 28. Ng1 Bxb4
29. Bxb4 Rcxb4 30. Ne2 Qc8 31. Rc1 Rc4 32. Rca1 Bg4 33. Bf1 Rcb4 34. Rc1 Qf5
35. Nc3 Rb2 36. Rc2 Rb1 37. Nxb1 Rxb1 38. Qxa6 Qf3+ 39. Kg1 Bh3 40. Qc8+ Bxc8
41. Rxc8+ Kg7 42. h3 Qd1 0-1

[Event "Sodingen 2- Ahlen"]
[Site "?"]
[Date "2023.09.03"]
[Round "1.5"]
[White "Busche, Klaus"]
[Black "Baumeister, Christoph"]
[Result "1/2-1/2"]
[WhiteElo "1948"]
[BlackElo "1920"]
[PlyCount "128"]
[SourceDate "2023.09.13"]

1. d4 Nf6 2. Bf4 g6 3. Nc3 Bg7 4. e4 d6 5. Nf3 Bg4 6. Be2 c6 7. h3 Bxf3 8. Bxf3
O-O 9. e5 dxe5 10. Bxe5 Nbd7 11. Bg3 Re8 12. O-O e6 13. Re1 Nb6 14. Ne2 Qd7 15.
c3 Rad8 16. Qb3 Nbd5 17. Nc1 Qc8 18. Nd3 Nd7 19. Rad1 Ne7 20. a4 b6 21. Bh4 c5
22. Qa3 h6 23. dxc5 Nxc5 24. Nxc5 Rxd1 25. Rxd1 bxc5 26. Bxe7 Rxe7 27. a5 Bf8
28. Qa4 e5 29. Bd5 Qf5 30. Qe4 Qf6 31. Bc4 Rc7 32. Rd3 Kg7 33. Rf3 Qd6 34. Rd3
Qf6 35. Qd5 e4 36. Re3 Re7 37. Rxe4 Rxe4 38. Qxe4 Qd6 39. Qf3 Qc7 40. a6 Bd6
41. g3 Qe7 42. Kf1 Kf8 43. Kg2 Kg7 44. Qb7 Kf6 45. Qxe7+ Kxe7 46. Kf3 f5 47.
Bd5 Kf6 48. Ke3 Ke5 49. Bf7 Kf6 50. Be8 g5 51. Kd3 Ke5 52. Kc4 Be7 53. Ba4 f4
54. g4 Ke6 55. f3 Ke5 56. Bc2 Kd6 57. b4 cxb4 58. Kxb4 Bd8 59. Kc4 Bb6 60. Kd3
Ke5 61. Kc4 Kd6 62. Be4 Be3 63. Bb7 Bb6 64. Kd3 Ke5 1/2-1/2

[Event "Sodingen 2- Ahlen"]
[Site "?"]
[Date "2023.09.03"]
[Round "1.6"]
[White "Winterkamp, Sascha"]
[Black "Jaeger, Niklas"]
[Result "1/2-1/2"]
[WhiteElo "1925"]
[BlackElo "1840"]
[PlyCount "64"]
[SourceDate "2023.09.13"]

1. d4 e6 2. Nf3 Nf6 3. Bg5 Be7 4. Nbd2 b6 5. e3 Bb7 6. Bd3 d6 7. Qe2 Nbd7 8. a4
a6 9. c3 e5 10. dxe5 dxe5 11. Bxf6 Bxf6 12. Ne4 Qe7 13. Nfd2 g6 14. Qf3 Rb8 15.
Qe2 Ra8 16. Nxf6+ Nxf6 17. e4 O-O 18. O-O Nh5 19. g3 Rfd8 20. Rfd1 Rd7 21. Nf3
Rad8 22. Bc2 Qe6 23. Ng5 Qf6 24. Qg4 Bc8 25. Rxd7 Bxd7 26. Qh4 h6 27. Nf3 Qxh4
28. Nxh4 Bg4 29. f3 Be6 30. Rd1 Rxd1+ 31. Bxd1 Nf6 32. Kf2 Kf8 1/2-1/2

[Event "Sodingen 2- Ahlen"]
[Site "?"]
[Date "2023.09.03"]
[Round "1.7"]
[White "Starp, Klaus"]
[Black "Schriewer, Thomas"]
[Result "0-1"]
[WhiteElo "1874"]
[BlackElo "1874"]
[Annotator "daniel"]
[PlyCount "74"]
[SourceDate "2023.09.13"]

1. e4 c5 2. c3 Nf6 3. e5 Nd5 4. d4 cxd4 5. cxd4 d6 6. Nf3 Nc6 7. Bc4 e6 8. O-O
Be7 9. exd6 Qxd6 10. Nc3 Nxc3 11. bxc3 O-O 12. Qe2 b6 13. Bb2 Bb7 14. Rac1 Bf6
15. Nd2 Qd7 16. Ne4 Be7 17. f4 Na5 18. Bd3 Rac8 19. Qh5 g6 20. Qh6 Bxe4 21.
Bxe4 Bf6 22. f5 Nc4 23. fxg6 fxg6 24. Ba1 Qe7 25. Rce1 Bg5 26. Rxf8+ Rxf8 27.
Qh3 Nd6 28. Bd5 Kg7 29. Qxe6 Qc7 30. Qe5+ Kh6 31. Rf1 Re8 32. Qg3 Qd8 33. c4
Re3 34. Qg4 Nf5 35. Bb2 Kg7 36. Bc1 h5 37. Qd1 Re8 {ZÃo} 0-1

[Event "Sodingen 2- Ahlen"]
[Site "?"]
[Date "2023.09.03"]
[Round "1.8"]
[White "Zwielich, Frank"]
[Black "Dreesbach, Harald"]
[Result "1-0"]
[WhiteElo "1938"]
[BlackElo "1786"]
[PlyCount "73"]
[SourceDate "2023.09.13"]

1. d4 Nf6 2. g3 d6 3. Bg2 c6 4. e4 Qc7 5. Ne2 Nbd7 6. O-O e5 7. c4 Be7 8. Nbc3
O-O 9. h3 Re8 10. Be3 Nf8 11. Qd2 Bd7 12. g4 h5 13. f3 Rad8 14. d5 c5 15. Ng3
Qc8 16. Kh2 hxg4 17. fxg4 Bxg4 18. hxg4 Qxg4 19. Bh3 Qh4 20. Kg2 Ng6 21. Bg5
Nxe4 22. Ncxe4 Bxg5 23. Qxg5 Nf4+ 24. Rxf4 Qxg5 25. Nxg5 exf4 26. N3e4 Re5 27.
Kf3 f5 28. Nc3 Rf8 29. Kxf4 Rf6 30. Rg1 Rh6 31. Rg3 Rh4+ 32. Kf3 Rxc4 33. Ne6
Re1 34. Rxg7+ Kh8 35. Rxb7 f4 36. Rb8+ Kh7 37. Bf5+ 1-0

[Event "Gerthe- Annen"]
[Site "?"]
[Date "2023.09.03"]
[Round "1.1"]
[White "Dahlbeck, Mirko"]
[Black "Brueggestraß, Volker"]
[Result "1-0"]
[WhiteElo "1997"]
[BlackElo "2037"]
[PlyCount "87"]
[SourceDate "2023.09.13"]

1. e4 e5 2. Nf3 Nf6 3. Nc3 Nc6 4. d4 Bb4 5. d5 Ne7 6. Nxe5 d6 7. Nd3 Bxc3+ 8.
bxc3 Nxe4 9. c4 c6 10. dxc6 Qa5+ 11. Bd2 Qxd2+ 12. Qxd2 Nxd2 13. Kxd2 Nxc6 14.
Re1+ Be6 15. Nf4 Kd7 16. Bd3 Rac8 17. Nxe6 fxe6 18. Re4 Rhf8 19. f3 Ne5 20. Rb1
b6 21. a4 Rc5 22. Rbe1 Rf6 23. Kc3 h6 24. Kb3 Nf7 25. h4 Re5 26. f4 Rxe4 27.
Rxe4 e5 28. f5 Rxf5 29. Rg4 Rf4 30. Rxg7 Ke6 31. g3 Rf3 32. Kb4 a6 33. Be4 Rf1
34. Bd5+ Ke7 35. Rg8 Rb1+ 36. Kc3 Rg1 37. Rg7 Rf1 38. g4 Rf2 39. g5 hxg5 40.
hxg5 Kf8 41. Rg6 Ke7 42. Rg8 Nd8 43. Rxd8 Kxd8 44. g6 1-0

[Event "Gerthe- Annen"]
[Site "?"]
[Date "2023.09.03"]
[Round "1.2"]
[White "Gottmann, Bernd"]
[Black "Mainka, Gregor"]
[Result "1/2-1/2"]
[WhiteElo "1970"]
[BlackElo "2094"]
[PlyCount "34"]
[SourceDate "2023.09.13"]

1. d4 e6 2. c4 Bb4+ 3. Nc3 c5 4. e3 d5 5. Nf3 Nf6 6. Bd3 dxc4 7. Bxc4 Qc7 8.
O-O a6 9. Bb3 O-O 10. Bd2 Nbd7 11. Rc1 b6 12. a3 Bxc3 13. Bxc3 Bb7 14. dxc5
Nxc5 15. Be5 Qd8 16. Bc4 Bd5 17. Qd4 Bxc4 1/2-1/2

[Event "Gerthe- Annen"]
[Site "?"]
[Date "2023.09.03"]
[Round "1.3"]
[White "Wicht, Juergen"]
[Black "Melmer, Felix"]
[Result "1-0"]
[WhiteElo "2021"]
[BlackElo "1899"]
[PlyCount "59"]
[SourceDate "2023.09.13"]

1. d4 d5 2. Nf3 Nf6 3. c4 dxc4 4. e3 e6 5. Bxc4 c5 6. O-O a6 7. Qc2 b5 8. Be2
Nbd7 9. Rd1 Qb6 10. a4 Bb7 11. axb5 axb5 12. Rxa8+ Bxa8 13. Nc3 Bc6 14. e4 b4
15. d5 bxc3 16. dxc6 Qxc6 17. e5 Nd5 18. bxc3 Be7 19. Bd3 Qc7 20. Bb5 N5b6 21.
Bxd7+ Nxd7 22. Qa4 h6 23. Rd3 c4 24. Rd1 Bc5 25. Qb5 Qa7 26. Kf1 Bxf2 27. Ba3
Be3 28. Qc6 Kd8 29. Ke2 Bf4 30. Bc5 1-0

[Event "Gerthe- Annen"]
[Site "?"]
[Date "2023.09.03"]
[Round "1.4"]
[White "Kalle, Yannis"]
[Black "Herrmann, Uwe"]
[Result "0-1"]
[WhiteElo "1808"]
[BlackElo "1873"]
[PlyCount "58"]
[SourceDate "2023.09.13"]

1. e4 e6 2. d4 d5 3. Nc3 Nf6 4. Bg5 Bb4 5. e5 h6 6. Bd2 Bxc3 7. bxc3 Ne4 8. Bd3
Nxd2 9. Qxd2 c5 10. Nf3 Nc6 11. O-O Qa5 12. Rfd1 cxd4 13. cxd4 Qxd2 14. Rxd2
Bd7 15. Rb1 Na5 16. Rdd1 Rc8 17. Nd2 b6 18. Nb3 Nc6 19. c3 Ne7 20. Rdc1 O-O 21.
Kf1 f6 22. Ba6 Rc7 23. exf6 Rxf6 24. c4 dxc4 25. Bxc4 Rxc4 26. Rxc4 Bb5 27. Nd2
Bxc4+ 28. Nxc4 Nf5 29. Rd1 b5 0-1